Literature (Record no. 24748)
[ view plain ]
| 000 -LEADER | |
|---|---|
| fixed length control field | 00461nam a22001697a 4500 |
| 003 - CONTROL NUMBER IDENTIFIER | |
| control field | OSt |
| 005 - DATE AND TIME OF LATEST TRANSACTION | |
| control field | 20260618121206.0 |
| 008 - FIXED-LENGTH DATA ELEMENTS--GENERAL INFORMATION | |
| fixed length control field | 260618b |||||||| |||| 00| 0 eng d |
| 020 ## - INTERNATIONAL STANDARD BOOK NUMBER | |
| International Standard Book Number | 9780618568673 |
| 040 ## - CATALOGING SOURCE | |
| Transcribing agency | Chuka University Library |
| 050 ## - LIBRARY OF CONGRESS CALL NUMBER | |
| Classification number | PR 1109 |
| Item number | .L58 2008 |
| 100 ## - MAIN ENTRY--PERSONAL NAME | |
| Personal name | Littell Mc Dougal |
| 9 (RLIN) | 30119 |
| 245 ## - TITLE STATEMENT | |
| Title | Literature |
| Remainder of title | British Literature |
| 260 ## - PUBLICATION, DISTRIBUTION, ETC. | |
| Place of publication, distribution, etc. | Canada |
| Name of publisher, distributor, etc. | Houghton Mifflin Company |
| Date of publication, distribution, etc. | 2008 |
| 300 ## - PHYSICAL DESCRIPTION | |
| Extent | Various Paging |
| 942 ## - ADDED ENTRY ELEMENTS (KOHA) | |
| Source of classification or shelving scheme | Library of Congress Classification |
| Koha item type | Long Loan Books |
| Suppress in OPAC | No |
| Withdrawn status | Lost status | Source of classification or shelving scheme | Damaged status | Not for loan | Collection | Home library | Current library | Shelving location | Date acquired | Source of acquisition | Cost, normal purchase price | Total Checkouts | Full call number | Barcode | Date last seen | Copy number | Price effective from | Koha item type |
|---|---|---|---|---|---|---|---|---|---|---|---|---|---|---|---|---|---|---|
| Library of Congress Classification | General Collection Books | Main Campus Library | Main Campus Library | General Stacks | 18/06/2026 | Donations from books for Africa | 6647.33 | PR 1109 .L58 2008 | 35290/2026 | 18/06/2026 | 4 | 18/06/2026 | Long Loan Books | |||||
| Library of Congress Classification | General Collection Books | Main Campus Library | Main Campus Library | General Stacks | 18/06/2026 | Donations from books for Africa | 6647.33 | PR 1109 .L58 2008 | 35289/2026 | 18/06/2026 | 3 | 18/06/2026 | Long Loan Books | |||||
| Library of Congress Classification | General Collection Books | Main Campus Library | Main Campus Library | General Stacks | 18/06/2026 | Donations from books for Africa | 6647.33 | PR 1109 .L58 2008 | 35288/2026 | 18/06/2026 | 1 | 18/06/2026 | Long Loan Books | |||||
| Library of Congress Classification | General Collection Books | Main Campus Library | Main Campus Library | General Stacks | 18/06/2026 | Donations from books for Africa | 6647.33 | PR 1109 .L58 2008 | 35287/2026 | 18/06/2026 | 2 | 18/06/2026 | Long Loan Books | |||||
| Library of Congress Classification | General Collection Books | Main Campus Library | Main Campus Library | General Stacks | 18/06/2026 | Donations from books for Africa | 6647.33 | PR 1109 .L58 2008 | 35291/2026 | 18/06/2026 | 5 | 18/06/2026 | Long Loan Books |
